| 000 | 00585nam a2200181Ia 4500 | ||
|---|---|---|---|
| 999 |
_c1864 _d1864 |
||
| 003 | OSt | ||
| 005 | 20200924122137.0 | ||
| 008 | 190216s9999||||xx |||||||||||||| ||und|| | ||
| 020 | _a9788189866112 | ||
| 040 | _coclc | ||
| 082 |
_a571.5382 _bSAT/P |
||
| 100 |
_aSathyanarayana, B N _94937 |
||
| 245 | 0 |
_aPlant Tissue Culture Practices And New Experimental Protocols / _cB N Sathyanarayana ; D B Varghese |
|
| 260 |
_bI.K.International Publishing, _c2013. _aNew Delhi: |
||
| 300 | _a292p | ||
| 650 | _aBotany | ||
| 942 |
_cBK _2ddc _h571.5382 _iSAT/P _k571.5382 _mSAT/P |
||